Guess the Fusion Rock Song Lyrics #181 - Statistics

General Stats
  • This quiz has been taken 22 times
  • The average score is 154 of 250
Answer Stats
Answer % Correct
a
95%
I
91%
We
91%
we
91%
and
86%
no
86%
be
82%
in
82%
to
82%
where
82%
you
82%
go
77%
love
77%
what
77%
Bruce Springsteen
73%
don't
73%
Don't
73%
for
73%
Got
73%
got
73%
had
73%
down
68%
it
68%
knew
68%
Like
68%
like
68%
your
68%
am
64%
her
64%
it's
64%
Oh
64%
that
64%
end
59%
Everybody
59%
fell
59%
have
59%
heart
59%
just
59%
know
59%
never
59%
Now
59%
on
59%
went
59%
Yeah
59%
yeah
59%
again
55%
back
55%
going
55%
La
55%
la
55%
out
55%
river
55%
took
55%
Ain't
50%
Everybody's
50%
Everybody's
50%
here
50%
hungry
50%
kept
50%
make
50%
met
50%
needs
50%
place
50%
play
50%
says
50%
home
45%
nobody
45%
part
45%
ride
45%
wants
45%
alone
41%
bar
41%
Lay
41%
Ooh
41%
rest
41%
turn
41%
well
41%
wife
41%
wrong
41%
Come
36%
difference
36%
flowing
36%
money
36%
Ah
32%
ah
32%
apart
32%
Baltimore
32%
kids
32%
Kingstown
32%
We've
32%
Jack
27%
ripped
27%
part
14%
No matching quizzes found
Score Distribution
Percent of People with Each Score
Percentile by Number Answered
Your Score History
You have not taken this quiz